| 000 | 00340nam a2200133Ia 4500 | ||
|---|---|---|---|
| 005 | 20260328104324.0 | ||
| 008 | 260328s9999||||xx |||||||||||||| ||und|| | ||
| 100 | _aPérez, Emilia | ||
| 245 | 0 |
_aConversaciones con Paulo Mendes Da Rocha / _cEmilia Pérez |
|
| 260 | _bGustavo Gili | ||
| 300 | _a96 p. | ||
| 650 | _aARQUITECTOS | ||
| 942 | _cBK | ||
| 999 |
_c11464 _d11464 |
||